LEADER 01013nam a2200217 i 4500 001 000000164608 003 CaOOAMICUS 005 20070919000000.0 008 070919n it u000 u ita u 013 $a141976 040 $aSeMil$bita 110 1 $aItalia : Camera dei Deputati.$0(OLS)http://semarc/name/2764 245 10$aIndagine conoscitiva sulle condizioni sociali delle famiglie in Italia :$bdocumento conclusivo /$cCamera dei deputati , Commissione 12. affari sociali. 300 $a73 p. :$btabelle ;$c26 cm. 500 $aA pič del front. : 15. Legislatura. - Dono del Card. Dionigi Tettamanzi. 650 4$aFamiglia - Ricerche sociologiche - Italia.$0(OLS)http://semarc/subject/13745 850 $aSeMil 852 $aSeMil$W1$xVenegono$y1$m3N IV 486$j115841$B115841$CSeMilBibl$Z2$F128991 $81 941 1 $a5 961 $aOmaggio: Tettamanzi Card. Dionigi 996 $6245$aIndagine conoscitiva sulle condizioni sociali delle famiglie in Italia :$bdocumento conclusivo$9(OLS)http://semarc/title/234855 LEADER 01145nam a2200253 i 4500 001 000000190025 003 CaOOAMICUS 005 20260330151341.0 008 100526s2009 it u000 u ita u 040 $aSeMil$bita 100 1 $aSalvarani, Renata,$d<1966- >.$0(OLS)http://semarc/name/3413 245 10$aPievi del Nord Italia :$bcristianesimo, istituzioni, territorio /$cRenata Salvarani. 264 1$a[Verona] :$bBanca Popolare, Gruppo Bancario,$c2009. 300 $aIX, 285 p. :$briccamente ill. ;$c32 cm. 500 $aIn allegato : Mappa delle pievi del Nord Italia 650 4$aPieve - Storia.$0(OLS)http://semarc/subject/57988 650 4$aItalia Settentrionale - Pievi.$0(OLS)http://semarc/subject/30667 850 $aSeMil 852 $aSeMil$W1$xVenegono$y1$m3P VI 554$j269373$B140656$CSeMilBibl$Z2$F152343 $81 941 1 $a5 961 $aOmaggio: Tettamanzi Card. Dionigi 996 $6245$aPievi del Nord Italia :$bcristianesimo, istituzioni, territorio$9(OLS)http://semarc/title/273706 996 $6264$a[Verona] :$bBanca Popolare, Gruppo Bancario$9(OLS)http://semarc/publisher/50189